Issuey in financial sector Reforms (Record no. 1793)

MARC details
000 -LEADER
fixed length control field 00393nam a22001577a 4500
005 - DATE AND TIME OF LATEST TRANSACTION
control field 20180305105119.0
008 - FIXED-LENGTH DATA ELEMENTS--GENERAL INFORMATION
fixed length control field 160526b xxu||||| |||| 00| 0 eng d
041 ## - LANGUAGE CODE
Language code of text/sound track or separate title eng
082 ## - DEWEY DECIMAL CLASSIFICATION NUMBER
Item number 5129
Classification number 332
100 ## - MAIN ENTRY--AUTHOR NAME
Personal name Tarapre, S.S.
245 ## - TITLE STATEMENT
Title Issuey in financial sector Reforms
260 ## - PUBLICATION, DISTRIBUTION, ETC. (IMPRINT)
Place of publication New Delhi
Name of publisher Academic Faundation
Year of publication 2001
300 ## - PHYSICAL DESCRIPTION
Number of Pages 222
650 ## - SUBJECT ADDED ENTRY--TOPICAL TERM
Topical Term Management
942 ## - ADDED ENTRY ELEMENTS (KOHA)
Koha item type Books
Holdings
Lost status Damaged status Collection code Home library Current library Shelving location Date acquired Cost, normal purchase price Full call number Accession Number Koha item type
    LIFE SKILL JRU Library JRU Library SHELF-71-D 26/05/2016 375.00 332 5129 Books